000 00378nam a2200169Ia 4500
008 221030s9999 xx 000 0 und d
020 _a8178085038
041 _aEnglish
082 _a105.23
_bSta
100 _aW. Stallings
245 0 _aOperating Systems
250 _a4th
260 _bPearson Education
_aDelhi
_c2003
300 _a779
650 _aCOMPUTERS
942 _cBK
999 _c311
_d311